00747cam a22002295a 450000100090000000300040000900500170001300800410003002000180007102000150008904000170010405000150012108200170013610000210015324500970017425000120027126000390028330000170032250501360033965000220047570000200049714843918OSt20220629151451.0070509s2007 mou 000 0 eng  a9780323036641 a0323036643 aDLCcLCerda00aRT48.6.A3500a616.07/52231 aAckley, Betty J.10aNursing diagnosis handbook: a guide to planning care. /cBetty J. Ackley and Gail B. Ladwig. a7th ed. aSt. Louis:bMosby Elsevier,c2006. axxi, 1353 p. aContents: Nursing process, nursing diagnosis and evidence-based nursing -- Guide to nursing diagnoses -- Guide to planning care --  vNursing diagnosis qLadwig, Gail B.